| 000 | 00554cam a2200181 4500500 | ||
|---|---|---|---|
| 005 | 20260405002319.0 | ||
| 041 | _afre | ||
| 042 | _adc | ||
| 245 | 0 | 0 | _aLe monde naturel comme problème philosophique |
| 260 | _c2016. | ||
| 500 | _a3 | ||
| 690 | _aHusserl | ||
| 690 | _aJan Patocka | ||
| 690 | _aMartin Heidegger | ||
| 690 | _aPhénoménologie | ||
| 786 | 0 | _nPhilosophie magazine | 103 | 10 | 2016-10-01 | p. 52-53 | 1951-1787 | |
| 856 | 4 | 1 | _uhttps://shs.cairn.info/magazine-philosophie-magazine-2016-10-page-52?lang=fr&redirect-ssocas=7080 |
| 999 |
_c2056522 _d2056522 |
||